Responses for Show #6017 - Tuesday, November 9, 2010

2010-B College Championship quarterfinal game 2.

Contestants

[<< previous game]

Hans von Walter, a junior from Southern Adventist University from Avon Park, Florida

Lea Tottle, a junior from Florida State University from Oldsmar, Florida

Erin McLean, a sophomore from Boston University from Danvers, Massachusetts

[next game >>]

Jeopardy! Round responses

TITLES CONTAINING TITLES
BASKETBALL
THEM CROOKED VULTURES
ROOMMATES
VIDEO GAMES
SUBTRACT A LETTER
    $200 14
Princess

Lea
    $200 22
Kobe Bryant

Hans
    $200 26
vocal cords

Erin
    $200 1
Harvard

Erin
    $200 11
The Biggest Loser

Hans
    $200 6
naive

Hans
    $400 15
Rex

Hans
    $400 27
a technical foul

Triple Stumper
    $400 12
(Erin: What are plants?)
(Hans: Uh, what is vegetation?)
...
(Alex: You were both on the right track, but you didn't come up with the right word.)

vegetarian

ErinHans
Triple Stumper
    $400 2
Bert & Ernie

Erin
    $400 13
Red Dead Redemption

Triple Stumper
    $400 7
potion

Hans
    $600 16
Prince

Lea
    $600 28
Michael Jordan

Hans
    $600 23
condor

Hans
    $600 3
James Buchanan

Erin
    $600 19
Mii

Erin
    $600 8
inane

Hans
    $800 17
Queene

Hans
    $800 29
double dribble

Hans
    $800 24
a beak

Erin
    $800 4
(Hans: Who is Monet?)

Theo van Gogh

Hans
Triple Stumper
    $800 20
The Divine Comedy

Hans
    $800 9
inert

Hans
    $1000 18
Lady

Erin
    $1000 30
(Lea: Who is Parker?)
(Hans: Who is Carmelo Anthony?)
(Alex: No, wrong team.)
...
(Alex: And as we go in to this commercial break, we want to show you what a great slam-dunk artist Jimmy is.)

Tim Duncan

LeaHans
Triple Stumper
    $1,000 25
(Erin: Um, what is... a falcon?)

scavenger

Erin
    $1000 5
(Charlie) Parker

Hans
    $1000 21
DC

Lea
    $1000 10
(Erin: What is sentinent?)

sentient

ErinLea

Scores at the first commercial break (after clue 15):

Erin Lea Hans
-$200 $1,200 $2,400

Scores at the end of the Jeopardy! Round:

Erin Lea Hans
$1,400 $1,800 $5,200

Double Jeopardy! Round responses

COURT DECISIONS 2010
THAT'S A RAP
THE MUSES
COLLEGE HANGOUTS
NOTABLE NAMES
CROSSWORD CLUES "O"
    $400 26
stem cells

Hans
    $400 21
Ke$ha

Erin
    $400 16
comedy

Erin
    $400 11
coffee

Lea
    $400 6
Morse

Hans
    $400 1
orator

Hans
    $800 27
(Hans: What is Deepwater Horizon?)

drilling

LeaHans
    $800 22
Lil Wayne

Erin
    $800 17
astronomy

Erin
    $800 12
(Erin: What is amateur night?)
(Hans: Oh!--what is Shakespeare?)
[ERRATUM: The clue as displayed on the show contained an extra space after the em dash.]

open mic night

ErinLeaHans
    $800 7
BolĂ­var

Lea
    $800 2
ounce

Hans
    $1200 28
Arizona

Hans
    $1200 23
Drake

Lea
    $1,200 18
history

Erin
    $1200 13
Washington State

Triple Stumper
    $600 8
Martin Luther

Lea
    $1200 3
oscillate

Erin
    $1600 29
crosses

Lea
    $1600 24
Snoop Dogg

Lea
    $1600 19
Calliope

Hans
    $1600 14
(Lea: What is [*]?)
(Alex: Hey, amazing! Way to go!)
[Laughter]

Florida State

Lea
    $1600 9
(Margaret) Sanger

Hans
    $1600 4
orbit

Erin
    $2000 30
wolves

Lea
    $2000 25
(Alex: That's why they call it [*], [*].)
[Audience groans.]
(Alex: Oh yeah, Lea...)
[Lea stumbles.]
(Alex: Don't fall down.)
(Lea: It was funny!)
[Lea giggles.]

window pane

Triple Stumper
    $2000 20
Terpsichore

Erin
    $2000 15
the University of Maryland

Erin
    $2000 10
Voltaire

Erin
    $2000 5
(Lea: What is an obstacle?)

obstruction

Lea
Triple Stumper

Scores at the end of the Double Jeopardy! Round:

Erin Lea Hans
$13,000 $11,200 $10,000

Final Jeopardy! Round responses

WORDS IN 20th CENTURY NOVELS
(Alex: George Orwell. Correct.)
HansWhat is Animal Farm?
$7,000
LeaWhat is Animal Farm
$6,000
ErinWhat is animal Farm?
$9,401
Animal Farm

Final scores:

Erin Lea Hans
$22,401 $17,200 $17,000
Automatic semifinalist 2nd place: $5,000 if eliminated 3rd place: $5,000 if eliminated

Game dynamics:

Coryat scores:

Erin Lea Hans
$14,000 $11,800 $10,000
17 R
(including 1 DD),
4 W
(including 1 DD)
14 R
(including 1 DD),
2 W
20 R,
5 W

Combined Coryat: $35,800

[game clues] [game scores] [suggest correction]

Game tape date: 2010-10-18
The J! Archive is created by fans, for fans. Scraping, republication, monetization, and malicious use prohibited; this site may use cookies and collect identifying information. See terms. The Jeopardy! game show and all elements thereof, including but not limited to copyright and trademark thereto, are the property of Jeopardy Productions, Inc. and are protected under law. This website is not affiliated with, sponsored by, or operated by Jeopardy Productions, Inc. Join the discussion at JBoard.tv.